Sports Quiz

Random Sports or Nation Quiz

European Football teams that have slipped off the radar Quiz Stats

 Plays Quiz not verified by Sporcle

Challenge
Share
Tweet
Embed
Score 0/20 Timer 08:00
1 Play Today
% Correct
AEK Athens
87.5%
Auxerre
84.4%
Rapid Bucuresti
83.2%
Deportivo la Coruna
80.3%
Arsenal Kyiv
80.3%
Kaiserslautern
80%
Hajduk Split
76.4%
Parma
76.1%
Boavista
73%
Deportivo Alaves
72.9%
% Correct
FC Haka
70.3%
Hammarby
69.8%
Grazer AK
68.1%
Obilic
66.8%
Servette
56.7%
Avenir Beggen
56%
Havant and Waterlooville
54.9%
Venezia
50.4%
Arminia Bielefeld
49.8%
Lyn
41.1%

You're not logged in!

Compare scores with friends on all Sporcle quizzes.
OR
Log In

You Might Also Like...

Show Comments

Extras

Top Quizzes Today


Score Distribution

Your Account Isn't Verified!

In order to create a playlist on Sporcle, you need to verify the email address you used during registration. Go to your Sporcle Settings to finish the process.

Report this User

Report this user for behavior that violates our Community Guidelines.

Details: